[Event "Arco op 38th"]
[Site "Arco"]
[Date "2016.10.15"]
[Round "8"]
[White "Cluyts, Marc"]
[Black "Facchetti, Gianni"]
[Result "0-1"]
[WhiteElo "2011"]
[BlackElo "2100"]
[PlyCount "132"]
[EventDate "2016.10.08"]
[EventType "swiss"]
[EventRounds "9"]
[EventCountry "ITA"]
[SourceTitle "EXT 2017"]
[Source "ChessBase"]
[SourceDate "2016.10.25"]
[SourceVersion "1"]
[SourceVersionDate "2016.10.25"]
[SourceQuality "1"]

1. e4 e5 2. Nf3 Nc6 3. Bc4 Be7 4. d4 d6 5. dxe5 dxe5 6. Qxd8+ Bxd8 7. Nc3 f6 8. Be3 Na5 9. Bb5+ c6 10. Be2 Be6 11. Nd2 b6 12. 0-0 Be7 13. f4 Rd8 14. f5 Bf7 15. a3 Nb7 16. b4 Nd6 17. a4 Nc8 18. Rfb1 Nh6 19. h3 0-0 20. Na2 Rd7 21. c4 Rfd8 22. Rd1 c5 23. b5 Kf8 24. Nc3 Bg8 25. g4 Nf7 26. h4 h6 27. Kf2 Nfd6 28. Nd5 Bf7 29. Rh1 Bxd5 30. exd5 Nf7 31. Ne4 Ncd6 32. Nc3 Nb7 33. Ne4 Nfd6 34. Kf3 Nxe4 35. Kxe4 Nd6+ 36. Kf3 h5 37. Rac1 hxg4+ 38. Kxg4 Kf7 39. Bd3 Rh8 40. Rh3 Rdd8 41. a5 e4 42. Bb1 g6 43. fxg6+ Kxg6 44. h5+ Kh7 45. Kf4 f5 46. a6 Bf6 47. Rg3 Rhg8 48. Bf2 Rxg3 49. Bxg3 Rg8 50. Rg1 Rg4+ 51. Ke3 Bd4+ 52. Ke2 f4 53. Bxf4 Rxf4 54. Rg6 Nxc4 55. d6 Ne5 56. Re6 Kg8 57. Re7 Rf7 58. Ba2 c4 59. Rxe5 Bxe5 60. Bxc4 Bxd6 61. Ke3 Kf8 62. Bxf7 Kxf7 63. Kxe4 Ke6 64. h6 Be5 65. h7 Bh8 66. Kf4 Kd5 0-1

[Event "Arco op 38th"]
[Site "Arco"]
[Date "2016.10.12"]
[Round "5"]
[White "Tonina, Filippo"]
[Black "Facchetti, Gianni"]
[Result "1/2-1/2"]
[WhiteElo "1980"]
[BlackElo "2100"]
[PlyCount "45"]
[EventDate "2016.10.08"]
[EventType "swiss"]
[EventRounds "9"]
[EventCountry "ITA"]
[SourceTitle "EXT 2017"]
[Source "ChessBase"]
[SourceDate "2016.10.25"]
[SourceVersion "1"]
[SourceVersionDate "2016.10.25"]
[SourceQuality "1"]

1. c4 e5 2. g3 Nf6 3. Bg2 d6 4. Nc3 Be7 5. e4 Nbd7 6. Nge2 Nc5 7. d3 a5 8. h3 c6 9. 0-0 h5 10. Be3 h4 11. g4 Ne6 12. f4 Nd7 13. Qd2 g5 14. f5 Nf4 15. d4 f6 16. d5 0-0 17. Rfd1 c5 18. a4 b6 19. Nb5 Nb8 20. b3 Na6 21. Nec3 Nb4 22. Na2 Bd7 23. Nbc3 1/2-1/2

[Event "Arco op 38th"]
[Site "Arco"]
[Date "2016.10.11"]
[Round "4"]
[White "Facchetti, Gianni"]
[Black "Buglisi, Massimo"]
[Result "1-0"]
[WhiteElo "2100"]
[BlackElo "1914"]
[PlyCount "106"]
[EventDate "2016.10.08"]
[EventType "swiss"]
[EventRounds "9"]
[EventCountry "ITA"]
[SourceTitle "EXT 2017"]
[Source "ChessBase"]
[SourceDate "2016.10.25"]
[SourceVersion "1"]
[SourceVersionDate "2016.10.25"]
[SourceQuality "1"]

1. e4 d6 2. d4 Nf6 3. Nc3 g6 4. Be2 Bg7 5. Be3 0-0 6. h3 a6 7. Bf3 e5 8. dxe5 dxe5 9. Nge2 Qe7 10. Nc1 Rd8 11. Nd3 b6 12. Qc1 Nc6 13. 0-0 Bb7 14. Bd1 Nd4 15. f3 c5 16. Nf2 h5 17. Ne2 Rac8 18. c3 Ne6 19. Bc2 Qc7 20. Rd1 Rxd1+ 21. Qxd1 Rd8 22. Qe1 c4 23. Rd1 Kh7 24. Rxd8 Qxd8 25. Qd1 Qxd1+ 26. Nxd1 b5 27. b3 Nd7 28. bxc4 bxc4 29. Nb2 a5 30. Ba4 Ndc5 31. Bb5 Nd3 32. Nxc4 Nef4 33. Bxf4 Nxf4 34. Nxf4 exf4 35. Nxa5 Ba8 36. c4 Bd4+ 37. Kf1 Kg7 38. Nb3 Be3 39. c5 Kf6 40. Ke2 Ke5 41. Kd3 f5 42. exf5 Kxf5 43. Kc4 g5 44. Be8 h4 45. c6 Ke6 46. Kb5 Kd6 47. Na5 Kc7 48. Nc4 Bd4 49. Nd2 Bf6 50. Ne4 Be7 51. Nc5 Kc8 52. Bg6 Kc7 53. Be4 Bd8 1-0

[Event "Arco op 38th"]
[Site "Arco"]
[Date "2016.10.09"]
[Round "2"]
[White "Facchetti, Gianni"]
[Black "Weishaeutel, Moritz"]
[Result "1/2-1/2"]
[WhiteElo "2100"]
[BlackElo "1946"]
[PlyCount "104"]
[EventDate "2016.10.08"]
[EventType "swiss"]
[EventRounds "9"]
[EventCountry "ITA"]
[SourceTitle "EXT 2017"]
[Source "ChessBase"]
[SourceDate "2016.10.25"]
[SourceVersion "1"]
[SourceVersionDate "2016.10.25"]
[SourceQuality "1"]

1. e4 e6 2. b3 d5 3. Bb2 Nf6 4. Nc3 dxe4 5. Qe2 Be7 6. Nxe4 Nxe4 7. Qxe4 Bf6 8. d4 Qd5 9. Qxd5 exd5 10. 0-0-0 0-0 11. Bd3 Nc6 12. c3 Re8 13. h3 Ne7 14. g4 Ng6 15. Ne2 Nf4 16. Nxf4 Bg5 17. Kc2 Bxf4 18. Bc1 Bxc1 19. Kxc1 Bd7 20. Rde1 Kf8 21. Kd2 c6 22. f4 Rxe1 23. Rxe1 h5 24. f5 hxg4 25. hxg4 f6 26. Rh1 Kf7 27. Ke3 Re8+ 28. Kf4 Kg8 29. c4 Kf7 30. cxd5 cxd5 31. Rc1 Bc6 32. b4 a6 33. a3 Rc8 34. b5 axb5 35. Bxb5 Ke7 36. g5 Rh8 37. Bxc6 bxc6 38. Re1+ Kd7 39. Kg4 Ra8 40. Rb1 Kc7 41. Kh5 Rxa3 42. gxf6 gxf6 43. Kg6 Rg3+ 44. Kxf6 Rg4 45. Rd1 Kd6 46. Kf7 Rf4 47. f6 c5 48. dxc5+ Kxc5 49. Ke6 d4 50. f7 Kc4 51. Rc1+ Kb3 52. Rc5 Rxf7 1/2-1/2

[Event "Arco op 35th"]
[Site "Arco"]
[Date "2013.10.17"]
[Round "6"]
[White "Huemmer, Bernd"]
[Black "Facchetti, Gianni"]
[Result "1-0"]
[WhiteElo "2195"]
[BlackElo "2080"]
[PlyCount "159"]
[EventDate "2013.10.12"]
[EventType "swiss"]
[EventRounds "9"]
[EventCountry "ITA"]
[SourceTitle "EXT 2014"]
[Source "ChessBase"]
[SourceDate "2013.11.20"]
[SourceVersion "1"]
[SourceVersionDate "2013.11.20"]
[SourceQuality "1"]

1. d4 Nf6 2. Bg5 d5 3. c3 e6 4. e3 Be7 5. Bd3 Nbd7 6. Nf3 c5 7. Nbd2 b6 8. 0-0 Bb7 9. Ne5 Nxe5 10. dxe5 Nd7 11. Bxe7 Qxe7 12. f4 f5 13. exf6 gxf6 14. Qh5+ Qf7 15. Qxf7+ Kxf7 16. e4 c4 17. Bc2 Nc5 18. exd5 Bxd5 19. b4 cxb3 20. axb3 a5 21. b4 axb4 22. cxb4 Na6 23. b5 Nc5 24. Kf2 h6 25. g3 Rhb8 26. Ke3 Ke7 27. Kd4 Ba2 28. Kc3 Rd8 29. Rfd1 Bd5 30. Kb4 Rdc8 31. Rdc1 Kd6 32. Rd1 Kc7 33. Bb3 Rxa1 34. Rxa1 Kd6 35. Bxd5 exd5 36. Ra7 Nd3+ 37. Kb3 Rc5 38. Rh7 Rxb5+ 39. Kc3 Nc5 40. Rxh6 Ke7 41. Rh8 Ne6 42. Rb8 Kd6 43. h4 Kc7 44. Re8 Kd7 45. Rb8 Ke7 46. Nb3 Kd6 47. h5 d4+ 48. Nxd4 Nxd4 49. Kxd4 Ke7 50. Ke4 Rxh5 51. Rxb6 Ra5 52. Kf3 Kf7 53. Kg4 Kg6 54. Rb8 Ra4 55. Rb3 Rc4 56. Kf3 Rc6 57. Kg2 Ra6 58. Kh3 Rc6 59. Kh4 Ra6 60. Rb5 Rc6 61. f5+ Kh6 62. Rb4 Ra6 63. Rg4 Kh7 64. Rg6 Rb6 65. g4 Ra6 66. Kh5 Rb6 67. g5 Rb1 68. Rxf6 Rh1+ 69. Kg4 Rg1+ 70. Kf4 Rf1+ 71. Ke5 Re1+ 72. Kd6 Kg7 73. Re6 Rd1+ 74. Ke7 Rf1 75. Rg6+ Kh7 76. Kf6 Ra1 77. Rg7+ Kh8 78. Re7 Ra6+ 79. Kf7 Kh7 80. g6+ 1-0

[Event "Arco op 35th"]
[Site "Arco"]
[Date "2013.10.13"]
[Round "2"]
[White "Schnitzspan, Lothar"]
[Black "Facchetti, Gianni"]
[Result "1-0"]
[WhiteElo "2324"]
[BlackElo "2080"]
[PlyCount "70"]
[EventDate "2013.10.12"]
[EventType "swiss"]
[EventRounds "9"]
[EventCountry "ITA"]
[SourceTitle "CBM 156 Extra"]
[Source "ChessBase"]
[SourceDate "2013.10.22"]
[SourceVersion "1"]
[SourceVersionDate "2013.10.22"]
[SourceQuality "1"]

1. Nf3 Nf6 2. c4 d6 3. g3 e5 4. Bg2 Nbd7 5. Nc3 Be7 6. 0-0 c6 7. e4 c5 8. a3 0-0 9. b4 b6 10. Nh4 Re8 11. f4 Nf8 12. f5 N6d7 13. Nd5 Bb7 14. Nxe7+ Qxe7 15. d3 cxb4 16. axb4 a5 17. b5 f6 18. Bf3 Ra7 19. Kh1 Rea8 20. Rg1 a4 21. Ba3 Nc5 22. Ra2 Nb3 23. Bh5 Nc5 24. Rag2 Bc8 25. g4 h6 26. Nf3 Nh7 27. h4 Qf8 28. Bg6 Re7 29. g5 fxg5 30. hxg5 Raa7 31. Rh2 Qd8 32. gxh6 Nf6 33. h7+ Kh8 34. Nh4 Bd7 35. Bf7 g5 1-0

[Event "Cesenatico op 17th"]
[Site "Cesenatico"]
[Date "2013.09.06"]
[Round "7"]
[White "Facchetti, Gianni"]
[Black "Xia, Jie"]
[Result "0-1"]
[WhiteElo "2095"]
[BlackElo "2287"]
[PlyCount "80"]
[EventDate "2013.08.31"]
[EventType "swiss"]
[EventRounds "9"]
[EventCountry "ITA"]
[SourceTitle "CBM 156 Extra"]
[Source "ChessBase"]
[SourceDate "2013.10.22"]
[SourceVersion "1"]
[SourceVersionDate "2013.10.22"]
[SourceQuality "1"]

1. e4 c5 2. Nf3 d6 3. d4 cxd4 4. Qxd4 a6 5. Be3 Nf6 6. Nc3 Nbd7 7. Qd2 g6 8. Bd3 Bg7 9. 0-0 0-0 10. h3 Qc7 11. Bh6 b5 12. a3 Bb7 13. Bxg7 Kxg7 14. Rfe1 Ne5 15. Nxe5 dxe5 16. Qe3 Rfd8 17. Ne2 Nh5 18. g3 Rac8 19. Nc3 e6 20. Be2 Nf6 21. Rad1 Qc6 22. Rxd8 Rxd8 23. Bd3 Nd7 24. Kh2 Nc5 25. Re2 Rd4 26. f3 Qd6 27. Rd2 Qc7 28. Rf2 Rd8 29. h4 h5 30. Bf1 Qd6 31. Bg2 Qd4 32. Qe1 b4 33. axb4 Qxb4 34. b3 a5 35. Qa1 Ba6 36. Kg1 Rc8 37. Na4 Nxa4 38. Qxa4 Qe1+ 39. Bf1 Bxf1 40. Rxf1 Qxg3+ 0-1

[Event "ITA-ch Seniors 35th"]
[Site "Arco"]
[Date "2013.04.17"]
[Round "6"]
[White "Facchetti, Gianni"]
[Black "Garvani, Vittorio"]
[Result "1-0"]
[WhiteElo "2075"]
[BlackElo "1898"]
[PlyCount "133"]
[EventDate "2013.04.12"]
[EventType "swiss"]
[EventRounds "9"]
[EventCountry "ITA"]
[SourceTitle "CBM 154 Extra"]
[Source "ChessBase"]
[SourceDate "2013.06.25"]
[SourceVersion "2"]
[SourceVersionDate "2013.06.25"]
[SourceQuality "1"]

1. e4 g6 2. d4 Bg7 3. Nf3 c6 4. Nc3 d5 5. Be3 Nh6 6. e5 f6 7. exf6 exf6 8. Be2 0-0 9. 0-0 Bg4 10. Qd2 Nf5 11. Rae1 Re8 12. Nd1 Nd7 13. h3 Bxf3 14. Bxf3 Nxe3 15. Rxe3 Rxe3 16. Qxe3 Qe8 17. b3 f5 18. Re1 Kf7 19. Qd2 Qf8 20. c4 dxc4 21. Qe2 Qd6 22. Qxc4+ Kf8 23. d5 Ne5 24. Qh4 Re8 25. Ne3 Nxf3+ 26. gxf3 f4 27. Ng2 Rxe1+ 28. Nxe1 cxd5 29. Nd3 Qf6 30. Qg4 Qf5 31. Nxf4 Qxg4+ 32. fxg4 d4 33. Ne6+ Kf7 34. Nd8+ Kf6 35. Nxb7 Ke5 36. Nc5 Kd5 37. Nd3 Ke4 38. Nc5+ Kf3 39. Kf1 Bf6 40. Nd3 h5 41. gxh5 gxh5 42. Ne1+ Ke4 43. Ke2 Bg7 44. Nd3 Bh6 45. a3 Bf8 46. b4 Bd6 47. Ne1 Be7 48. Nd3 Bd6 49. f3+ Kf5 50. Ne1 Ke5 51. Ng2 Kd5 52. Kd3 Bc7 53. Ne1 Be5 54. Nc2 Bf6 55. f4 Bg7 56. Ne1 Bf6 57. Nf3 Bg7 58. Nh4 Bh8 59. Nf5 Bf6 60. Ng3 Be7 61. Nxh5 a5 62. bxa5 Bxa3 63. Ng3 Bd6 64. Ne2 Bc7 65. a6 Bb6 66. h4 Bd8 67. a7 1-0

[Event "Milan Crespi op-B 33rd"]
[Site "Milan"]
[Date "2012.12.03"]
[Round "3"]
[White "Facchetti, Gianni"]
[Black "Iudicello, Giovanni"]
[Result "1/2-1/2"]
[WhiteElo "2102"]
[BlackElo "2149"]
[PlyCount "69"]
[EventDate "2012.12.01"]
[EventType "swiss"]
[EventRounds "9"]
[EventCountry "ITA"]
[SourceTitle "EXT 2014"]
[Source "ChessBase"]
[SourceDate "2013.11.20"]
[SourceVersion "1"]
[SourceVersionDate "2013.11.20"]
[SourceQuality "1"]

1. e4 e5 2. Nf3 Nc6 3. Bc4 Bc5 4. d3 d6 5. Nc3 Nf6 6. Bg5 h6 7. Bxf6 Qxf6 8. Nd5 Qd8 9. c3 a6 10. d4 Ba7 11. h3 0-0 12. 0-0 Re8 13. Re1 Be6 14. dxe5 Nxe5 15. Nxe5 dxe5 16. Bb3 c6 17. Ne3 Qg5 18. Qf3 Rad8 19. Bxe6 Rxe6 20. Rad1 Bxe3 21. Rxe3 Red6 22. Rxd6 Rxd6 23. Qe2 Qd8 24. Qh5 Qf6 25. Qe2 Qg5 26. g3 Qd8 27. Qh5 f6 28. Qe2 b5 29. Qc2 Rd1+ 30. Kg2 c5 31. Qb3+ c4 32. Qa3 g5 33. Qc5 Qd7 34. a4 bxa4 35. Qxc4+ 1/2-1/2

[Event "Civitanova Marche op"]
[Site "Civitanova Marche"]
[Date "2012.08.27"]
[Round "7"]
[White "Laketic, Gojko"]
[Black "Facchetti, Gianni"]
[Result "1-0"]
[WhiteElo "2430"]
[BlackElo "2084"]
[PlyCount "181"]
[EventDate "2012.08.21"]
[EventType "swiss"]
[EventRounds "9"]
[EventCountry "ITA"]
[SourceTitle "CBM 150 Extra"]
[Source "ChessBase"]
[SourceDate "2012.10.19"]
[SourceVersion "1"]
[SourceVersionDate "2012.10.19"]
[SourceQuality "1"]

1. d4 Nf6 2. Nf3 d6 3. c4 Nbd7 4. Nc3 e5 5. e4 c6 6. Be2 Qc7 7. 0-0 Be7 8. Re1 0-0 9. Bf1 Re8 10. d5 a6 11. Bd2 c5 12. a3 Nf8 13. b4 b6 14. Rb1 Bd7 15. Qb3 Reb8 16. h3 Ng6 17. Rb2 Be8 18. Reb1 Nd7 19. g3 h6 20. h4 Ngf8 21. Nh2 Qd8 22. Qd1 Nf6 23. Ng4 Nxg4 24. Qxg4 Bd7 25. Qf3 Nh7 26. Qd1 Nf6 27. Be2 Be8 28. Bd3 Qc8 29. Kg2 Bd7 30. Qe2 Bh3+ 31. Kh2 Bg4 32. f3 Bd7 33. Bc2 Nh7 34. bxc5 bxc5 35. Ba4 Rxb2 36. Rxb2 Bd8 37. Bxd7 Qxd7 38. Nd1 Qa4 39. Bc1 Qd7 40. Qc2 Bc7 41. Rb7 Qc8 42. Qb3 Rb8 43. Rxb8 Qxb8 44. Qxb8+ Bxb8 45. h5 Bc7 46. Ne3 Nf6 47. g4 g6 48. Kh3 gxh5 49. gxh5 Nxh5 50. Nf5 Ng7 51. Nxh6+ Kf8 52. Bg5 Ne8 53. Kg4 Ba5 54. Nf5 f6 55. Bh6+ Kf7 56. Kg3 Bd8 57. Kf2 Be7 58. Kg3 Bd8 59. Kg4 Be7 60. Bd2 Bd8 61. Kh4 Bc7 62. Bh6 Bd8 63. Kh5 Bc7 64. Kg4 Bd8 65. Kg3 Bc7 66. Kf2 Bd8 67. Ke2 Be7 68. Kd3 Bd8 69. Kc2 Bc7 70. Kb3 Ba5 71. Ka4 Bc3 72. Be3 Be1 73. Kb3 Ba5 74. Bh6 Be1 75. Bc1 Ba5 76. Bb2 Bc7 77. Bc3 Kg6 78. Ka4 Kg5 79. Bd2+ Kg6 80. Ba5 Bb8 81. Be1 Bc7 82. Bd2 Ng7 83. Nxg7 Kxg7 84. Ba5 Bb8 85. Bd8 Kg6 86. Ka5 Kg5 87. Kxa6 Kf4 88. Kb7 Ba7 89. Kxa7 Kxf3 90. Kb6 Kxe4 91. Bxf6 1-0

[Event "ITA-ch Seniors 34th"]
[Site "Arvier"]
[Date "2012.04.18"]
[Round "5"]
[White "Valenti, Giuseppe"]
[Black "Facchetti, Gianni"]
[Result "1-0"]
[WhiteElo "2138"]
[BlackElo "2090"]
[PlyCount "93"]
[EventDate "2012.04.14"]
[EventType "swiss"]
[EventRounds "9"]
[EventCountry "ITA"]
[SourceTitle "CBM 148 Extra"]
[Source "ChessBase"]
[SourceDate "2012.06.22"]
[SourceVersion "1"]
[SourceVersionDate "2012.06.22"]
[SourceQuality "1"]

1. e4 e5 2. Nf3 Nc6 3. Bb5 Bc5 4. c3 Nf6 5. 0-0 0-0 6. d4 Bb6 7. Re1 exd4 8. e5 Ne8 9. cxd4 d5 10. Nc3 Ne7 11. a4 c6 12. Bd3 Bf5 13. Bxf5 Nxf5 14. Qd3 g6 15. Bg5 Qd7 16. h3 Bd8 17. Bd2 Nc7 18. b4 Ne6 19. Ne2 Be7 20. Nh2 Rfc8 21. g4 Nfg7 22. f4 f5 23. exf6 Bxf6 24. Nf3 Nf8 25. Kh2 Re8 26. Ng3 Rxe1 27. Rxe1 Re8 28. Ne5 Qc8 29. b5 Bh4 30. Rc1 Bxg3+ 31. Kxg3 Re6 32. bxc6 bxc6 33. Qb3 Qa6 34. Kf3 Ne8 35. Re1 Nf6 36. Qb8 Rxe5 37. Qxe5 Ne4 38. Be3 Qxa4 39. f5 Qc2 40. f6 Qa2 41. Qe7 Nxf6 42. Qxf6 Qh2 43. Bf4 Qxh3+ 44. Bg3 h5 45. gxh5 gxh5 46. Qg5+ Kh8 47. Kf2 1-0

[Event "Milan op 02"]
[Site "Milan"]
[Date "2012.02.19"]
[Round "6"]
[White "Bemporad, Filippo"]
[Black "Facchetti, Gianni"]
[Result "1/2-1/2"]
[WhiteElo "2055"]
[BlackElo "2084"]
[PlyCount "127"]
[EventDate "2012.02.15"]
[EventType "swiss"]
[EventRounds "6"]
[EventCountry "ITA"]
[SourceTitle "EXT 2014"]
[Source "ChessBase"]
[SourceDate "2013.11.20"]
[SourceVersion "1"]
[SourceVersionDate "2013.11.20"]
[SourceQuality "1"]

1. d4 Nf6 2. Nf3 d6 3. g3 Nbd7 4. Bg2 e5 5. 0-0 Be7 6. b3 c6 7. dxe5 Nxe5 8. Bb2 Nxf3+ 9. Bxf3 0-0 10. c4 Bh3 11. Re1 Qa5 12. Nc3 Rfd8 13. Qd2 Qf5 14. Qd3 Qe6 15. Qd4 Ne8 16. Rad1 Bf5 17. Bg2 Qg6 18. a3 Bf6 19. Qd2 Bc2 20. Rc1 Bf5 21. b4 a6 22. a4 Rac8 23. b5 axb5 24. axb5 Bxc3 25. Bxc3 Be4 26. Bxe4 Qxe4 27. Qd4 Qxd4 28. Bxd4 Ra8 29. Ra1 Kf8 30. Kg2 f6 31. Kf3 Ke7 32. h4 h5 33. Rec1 Rxa1 34. Rxa1 cxb5 35. cxb5 Rd7 36. Ke4 g6 37. f3 Ke6 38. g4 hxg4 39. fxg4 Rh7 40. Bf2 Nc7 41. Rb1 Nd5 42. Rb3 f5+ 43. gxf5+ gxf5+ 44. Kf3 Rc7 45. e4 fxe4+ 46. Kxe4 Rc2 47. Kf3 Rc8 48. Be1 Rf8+ 49. Kg4 Rg8+ 50. Kf3 Rg1 51. Bf2 Rg7 52. Be1 Rf7+ 53. Kg3 Rg7+ 54. Kf3 Rh7 55. Rb2 Rh5 56. Bg3 Rf5+ 57. Kg2 Nf6 58. Re2+ Kd7 59. Rf2 Rxf2+ 60. Bxf2 Ke6 61. Kf3 Kf5 62. Bd4 Nh5 63. Be3 Nf6 64. Bd4 1/2-1/2

[Event "Isola d'Elba op 29th"]
[Site "Capoliveri "]
[Date "2011.05.10"]
[Round "5"]
[White "Facchetti, Gianni"]
[Black "Friedrich, Norbert"]
[Result "0-1"]
[WhiteElo "2098"]
[BlackElo "2305"]
[PlyCount "136"]
[EventDate "2011.05.07"]
[EventType "swiss"]
[EventRounds "9"]
[EventCountry "ITA"]
[SourceTitle "EXT 2014"]
[Source "ChessBase"]
[SourceDate "2013.11.20"]
[SourceVersion "1"]
[SourceVersionDate "2013.11.20"]
[SourceQuality "1"]

1. e4 c5 2. Nf3 b6 3. d4 cxd4 4. Nxd4 Bb7 5. Bd3 e6 6. 0-0 a6 7. Nc3 d6 8. Be3 Nf6 9. f3 Be7 10. Qd2 0-0 11. Rfd1 Qc7 12. a3 Nbd7 13. Rac1 Ne5 14. Nce2 Rac8 15. Ng3 b5 16. Qe2 Rfe8 17. c3 Nxd3 18. Rxd3 d5 19. Bf2 Bd6 20. Re1 Bf4 21. Rdd1 Red8 22. exd5 Bxd5 23. Qc2 Bc4 24. Nde2 Bd6 25. Nf1 Nd5 26. g3 Qb7 27. Nd4 Nf6 28. Ne3 Bd5 29. Nxd5 Nxd5 30. Qe4 Rc4 31. Qe2 Qc8 32. Rd3 Rc7 33. Red1 Re7 34. Nc2 Red7 35. Ne3 Nf6 36. Ng2 Be7 37. Nf4 Bd6 38. Ng2 Nd5 39. Ne1 Nf6 40. Kf1 Qc6 41. Kg1 h6 42. Nc2 Qc4 43. Kf1 Qc6 44. R1d2 Be7 45. Rxd7 Rxd7 46. Rxd7 Nxd7 47. Bd4 e5 48. Bf2 Nf6 49. Kg2 Bd6 50. Qd3 h5 51. h3 g6 52. Ba7 e4 53. Qe2 Bxg3 54. Kxg3 Qc7+ 55. Kg2 Qxa7 56. fxe4 Qe7 57. Kf3 Qe6 58. Kg2 Nxe4 59. Nd4 Qd5 60. Qf3 Qg5+ 61. Kh2 Qd2+ 62. Qg2 Qf4+ 63. Kg1 Kh7 64. Ne2 Qe3+ 65. Kh2 h4 66. Nd4 Qf4+ 67. Kg1 Ng3 68. Qf2 Qc1+ 0-1

[Event "Wch Seniors 20th"]
[Site "Arco"]
[Date "2010.10.29"]
[Round "4"]
[White "Facchetti, Gianni"]
[Black "Meinhardt, Guenther"]
[Result "1-0"]
[WhiteElo "2151"]
[BlackElo "1947"]
[PlyCount "77"]
[EventDate "2010.10.26"]
[EventType "swiss"]
[EventRounds "11"]
[EventCountry "ITA"]
[SourceTitle "EXT 2011"]
[Source "ChessBase"]
[SourceDate "2010.11.26"]
[SourceVersion "1"]
[SourceVersionDate "2010.11.26"]
[SourceQuality "1"]

1. e4 e5 2. Nf3 Nc6 3. Bc4 Nf6 4. Nc3 Be7 5. d3 0-0 6. a3 d6 7. h3 Be6 8. Nd5 Bxd5 9. exd5 Nb8 10. 0-0 Nbd7 11. Ba2 c6 12. dxc6 bxc6 13. Re1 Qb8 14. b4 a5 15. Bd2 axb4 16. axb4 Nb6 17. c4 Nbd7 18. Qc2 Re8 19. Bb3 Nf8 20. c5 Qc7 21. d4 e4 22. cxd6 Qxd6 23. Ne5 Ne6 24. Bxe6 Qxe6 25. Nxc6 Rac8 26. Nxe7+ Qxe7 27. Qb3 Qc7 28. Ra5 Rcd8 29. Be3 Nd5 30. b5 f5 31. Bf4 Qf7 32. Be5 Rc8 33. b6 Nc3 34. Qxf7+ Kxf7 35. Ra7+ Ke6 36. Rxg7 Kd5 37. Rxh7 Rxe5 38. dxe5 Kxe5 39. Rc7 1-0

[Event "Cesenatico op 14th"]
[Site "Cesenatico"]
[Date "2010.08.30"]
[Round "1"]
[White "Salvador, Roland"]
[Black "Facchetti, Gianni"]
[Result "1/2-1/2"]
[WhiteElo "2472"]
[BlackElo "2164"]
[PlyCount "97"]
[EventDate "2010.08.30"]
[EventType "swiss"]
[EventRounds "9"]
[EventCountry "ITA"]
[SourceTitle "CBM 138 Extra"]
[Source "ChessBase"]
[SourceDate "2010.10.29"]
[SourceVersion "1"]
[SourceVersionDate "2010.10.29"]
[SourceQuality "1"]

1. d4 Nf6 2. Nf3 d6 3. g3 Nbd7 4. Bg2 e5 5. 0-0 Be7 6. c4 c6 7. b3 0-0 8. Bb2 e4 9. Nfd2 d5 10. cxd5 cxd5 11. Nc3 Nb6 12. f3 exf3 13. exf3 Bf5 14. Re1 Re8 15. Nf1 Qd7 16. Ne3 Bh3 17. Qd3 Bxg2 18. Kxg2 Bb4 19. a3 Bxc3 20. Bxc3 Re6 21. Nf5 Rae8 22. g4 Nc8 23. Re5 Qc6 24. Rae1 Nd7 25. R5e3 Nf8 26. Bd2 Rxe3 27. Rxe3 Rxe3 28. Qxe3 Ne6 29. h4 f6 30. g5 fxg5 31. hxg5 Kf7 32. Kh3 Ne7 33. Nxe7 Kxe7 34. f4 Qc2 35. Kg4 Qd1+ 36. Kf5 Qc2+ 37. Ke5 Qc6 38. Bb4+ Kd7 39. f5 Qc7+ 40. Kxd5 Qc6+ 41. Ke5 Qc7+ 42. Ke4 Qc2+ 43. Ke5 Qc7+ 44. Kd5 Qc6+ 45. Ke5 Qc7+ 46. Ke4 Qc2+ 47. Ke5 Qc7+ 48. Kd5 Qc6+ 49. Ke5 1/2-1/2